Normal view
MARC view
- Beer P Ferdinard, jr
Entry Personal Name
001 - CONTROL NUMBER
- control field: 122586
003 - CONTROL NUMBER IDENTIFIER
- control field: NUST
005 - DATE AND TIME OF LATEST TRANSACTION
- control field: 20240510183828.0
008 - FIXED-LENGTH DATA ELEMENTS
- fixed length control field: 240510|| aca||aabn | a|a d
040 ## - CATALOGING SOURCE
- Original cataloging agency: NUST
- Transcribing agency: NUST
100 ## - HEADING--PERSONAL NAME
- Personal name: Beer P Ferdinard, jr
670 ## - SOURCE DATA FOUND
- Source citation: Work cat.: (NUST)609043: Beer P Ferdinard, jr, , Mechanics of Materials, 2004.
